Datum a čas kvízu
33
Celkem bodů
Celkový počet nahraných bodů na tomto kvízu bez doplňovacích otázek.
5.
Pořadí na kvízu
Konečné umístění týmu na tomto kvízu.
Zaznamenané odpovědi
| # | Otázka | Odpověď | Body | Výsledky |
|---|---|---|---|---|
| 1. | Která česká zoologická zahrada... | Zoo Plzeň | 0 | |
| 2. | Koho si vybral Kim Čong-un jak... | A | 1 | |
| 3. | Napište jméno skotského herce... | Iain Glen; Hra o trůny | 0.5 | |
| 4. | Kterou americkou komunikační p... | 1 | ||
| 5. | Ze kterého města pochází tým,... | ze Seattlu | 1 | |
| 6. | Hned v úvodu bod rozdělíme: za... | Ulánbátar; Altaj | 1 | |
| 7. | Z následujících možností vyber... | A | 1 | |
| 8. | Jak se jmenuje hudební skupina... | The Hu | 0 | |
| 9. | Které náboženství je v Mongols... | buddhismus (lamaismus) | 1 | |
| 10. | Jak se jmenuje česká spisovate... | Petra Hůlová | 1 |